000 00348pam a2200133 a 4500
020 _c
041 _h
082 _a050
_bPHI
100 _aPhilip S ,
_eAuthor .
245 _aKnowledge and data Engineering Vol - 16 , Jan - Dec 2004
_hBound Volumes
260 _a[s.l]:
_bIEEE Computer Society ,
_c2004.
300 _a0:
_bHB;
_c28*20.
930 _a15953
999 _c59174
_d59174